अरुणाचल का आदिकालीन इतिहास : (Record no. 121073)

MARC details
000 -LEADER
fixed length control field 01357nam a22002657a 4500
005 - DATE AND TIME OF LATEST TRANSACTION
control field 20170124103207.0
010 ## - LIBRARY OF CONGRESS CONTROL NUMBER
LC control number B-156458
020 ## - INTERNATIONAL STANDARD BOOK NUMBER
Terms of availability 55.00
International Standard Book Number 812374367
035 ## - SYSTEM CONTROL NUMBER
System control number B-156458
037 ## - SOURCE OF ACQUISITION
Source of stock number/acquisition Cen Lib/Ret
040 ## - CATALOGING SOURCE
Original cataloging agency DPL
Language of cataloging HN
082 ## - DEWEY DECIMAL CLASSIFICATION NUMBER
Classification number 954.11
Item number चक्रव
100 ## - MAIN ENTRY--PERSONAL NAME
Personal name चक्रवती, एल.एन
9 (RLIN) 94338
245 ## - TITLE STATEMENT
Title अरुणाचल का आदिकालीन इतिहास :
Statement of responsibility, etc एल.एन. चक्रवर्ती ; अनुवादक सच्चिदानंद चतुर्वेदी
Remainder of title एक झलक /
246 ## - VARYING FORM OF TITLE
Title proper/short title Arunachal ka adikalin itihas : ek jhalak /
Remainder of title by L.N. Chakrvarti ; anuvadak Sachchidanand Chaturvedi
260 ## - PUBLICATION, DISTRIBUTION, ETC. (IMPRINT)
Place of publication, distribution, etc नयी दिल्ली
Name of publisher, distributor, etc नेशनल बुक ट्रस्ट
Date of publication, distribution, etc 2006
270 ## - ADDRESS
City नयी दिल्ली
Address ए-5, ग्रीन अप्रक
Postal code 110016
300 ## - PHYSICAL DESCRIPTION
Extent 172पृ.
Dimensions 20सेमी(अजिल्द )
650 ## - SUBJECT ADDED ENTRY--TOPICAL TERM
Topical term or geographic name as entry element अरुणाचल -- इतिहास
General subdivision
Geographic subdivision
9 (RLIN) 94339
650 ## - SUBJECT ADDED ENTRY--TOPICAL TERM
Topical term or geographic name as entry element आदिकालीन इतिहास -- अरुणाचल
9 (RLIN) 94340
650 ## - SUBJECT ADDED ENTRY--TOPICAL TERM
Topical term or geographic name as entry element Arunachal - History
9 (RLIN) 94341
650 ## - SUBJECT ADDED ENTRY--TOPICAL TERM
Topical term or geographic name as entry element Aboriginal history - Arunachal
9 (RLIN) 94342
700 ## - ADDED ENTRY--PERSONAL NAME
Personal name चतुर्वेदी, सच्चिदानंद
9 (RLIN) 9493
942 ## - ADDED ENTRY ELEMENTS (KOHA)
Source of classification or shelving scheme Dewey Decimal Classification
Koha item type Hindi Books
Classification part 954.11
Call number suffix चक्रव
Holdings
Withdrawn status Lost status Damaged status Not for loan Home library Current library Date acquired Source of acquisition Cost, normal purchase price Total Checkouts Full call number Barcode Date last seen Date checked out Copy number Cost, replacement price Price effective from Koha item type Source of classification or shelving scheme Collection code
        Central Library Central Library 30/09/2015 Cen Lib/Ret 55.00 1 954.11 चक्रव B-156458 08/09/2018 23/08/2018 1 55.00 30/09/2015 Hindi Books    
        Sarojini Nagar Sarojini Nagar 14/10/2021     2 954.11 चक्रव B-156460 06/05/2024 06/05/2024   55.00 14/10/2021 Hindi Books Dewey Decimal Classification Non-fiction

© Delhi Public Library
Hit Counter
free hit counter